Statystyki dla Polscy Raperzy (2019)

Kliknij tutaj aby rozwiązać quiz!

Ogólne statystyki

  • Ten quiz został rozwiązany 30 181 razy
  • Średni wynik to 8 z 13

Statystyki odpowiedzi

HintOdpowiedź% Poprawnych
Śpiewał o papierosach które paliłReto
84%
Utworzył wytwórnię muzyczną wraz SolaremBiałas
79%
Jego album wyzwala wiele emocji, pochodzi on z BydgoszczyBedoes
78%
Mówią na niego Młody simbaSzpaku
75%
Raper urodzony w Kairze, jego pierwsza płyta była w języku angielskimTaco Hemingway
73%
Nagrał najbardziej kilkalny utwór w 2018, ma własną wytwórnieQuebonafide
71%
Kiedyś youtuber dziś raperYoungMulti
70%
Jego album nosi nazwę Nowy KolorOtsochodzi
68%
Założył Biuro ochrony rapuPaluch
65%
Jego piosenka podbiła wakacje 2018, była o tanim winieWhite2115
56%
Aby uzyskać nazwę swojego albumu połączył rap i disco poloŻabson
50%
Ojciec polskiego rapuPeja
43%
Większość jego utworów odtwarzana jest w radiuSmolasty
29%

Rozkład punktacji

Percentyl według liczby udzielonych odpowiedzi

Procent ludzi z każdym wynikiem

Twoja historia wyników

Nie rozwiązałeś tego quizu